000 00304nam a22001097a 4500
008 230623b xxu||||| |||| 00| 0 eng d
082 _a338.096
_bRUR 1988
245 _aRural Industrialization in Kenya
260 _aNairobi
_bKenya Association of Manufacturers
_c1988
300 _aVII,71p
942 _2ddc
_cBK
999 _c2516
_d2516